| 000 | 00507cam a22001457a 4500 | ||
|---|---|---|---|
| 999 |
_c508491 _d508491 |
||
| 008 | 180718b-- xxu||||| |||| 00| 0 eng d | ||
| 082 | _aL906x54221 G | ||
| 245 | _aAccounts at a glance, Chhattisgarh | ||
| 260 |
_aRaipur _bAccountant General _c-- |
||
| 300 | _av.p. | ||
| 500 | _aLibrary has 2005/06-2006/07 (Hindi), 2007/08 (Hindi), 2009/10-2010/11 (Hindi), 2017 (Hindi) | ||
| 650 |
_aChhattisgarh - Appropriations and expenditures _93851 |
||
| 700 |
_aChhattisgarh. Accountant General _93852 |
||
| 942 | _2ddc | ||